MARC

LEADER 00000nam2a2200000 4500
001 676459
005 20241108132321.0
035 |a (RuTPU)RU\TPU\prd\293130 
035 |a RU\TPU\prd\293129 
090 |a 676459 
100 |a 20241108a19359999k y0rusy50 ca 
101 0 |a rus 
102 |a RU 
105 |a a z 001yy 
135 |a drcn ---uucaa 
181 0 |a i   |b  e  
182 0 |a b 
183 0 |a cr  |2 RDAcarrier 
200 0 |a Т. 85, № 3 
203 |a Текст  |c электронный  |b визуальный 
210 |d 2023 
283 |a online_resource  |2 RDAcarrier 
320 |a Библиография в конце статей 
336 |a Текстовый файл 
461 1 |0 380474  |9 380474  |x 0023-2912  |t Коллоидный журнал  |l Colloid Journal   |v Т. 85, № 3  |f Российская академия наук (РАН), Отделение химии и наук о материалах РАН  |c Москва  |n Наука  |d 1935-1938, 1940-1941, 1947-  |o журнал физикохимии поверхностных явлений и дисперсных систем 
801 2 |a RU  |b 63413507  |c 20241108  |g PSBO 
850 |a 63413507 
856 4 0 |u https://sciencejournals.ru/view-issue/?j=kolzhur&y=2023&v=85&n=3  |z https://sciencejournals.ru/view-issue/?j=kolzhur&y=2023&v=85&n=3 
942 |c CR